000 00318nam a22001217a 4500
008 180205b xxu||||| |||| 00| 0 eng d
041 _aeng
080 _a61
100 _a3
101 _ashm
245 _aintervention among psychiatry imparied parents and their young children
_cbertram.j.c
942 _2udc
_cBK
999 _c41766
_d41766